000 00488nam a2200193Ia 4500
005 20250923150041.0
008 008 250917s9999 xx 000 0 eng d
037 _aTextual
040 _aDSWL
_beng
_cDSWL
041 _aeng
_2eng
084 _qDSWL
245 0 _aEconomic survey 1997-98
_c by India Manager of Publication
260 _aNew Delhi
_bThe Author
_c1998
300 _a263p.
365 _aINR
_b150
925 _g150
942 _cTEXL
999 _c1458987
_d1458987